000 00252nam a22001217a 4500
020 _a0-7497-0816-0
082 _a823
_bBLY/P
100 _aENID BLYTON
245 _aTHE PUT - EM - RIGHTS
300 _a178
650 _aCHILDREN'S STORY BOOKS
942 _cBK
999 _c140
_d140